[Event "Online Olym Top DivD 2021"]
[Site "chess.com INT"]
[Date "2021.09.08"]
[Round "3.2"]
[Board "1"]
[White "Martinez Duany, Lelys Stanley"]
[Black "Yurtseven, Melih"]
[Result "1-0"]
[WhiteTitle "GM"]
[BlackTitle "IM"]
[WhiteElo "2520"]
[BlackElo "2414"]
[WhiteTeam "Cuba"]
[BlackTeam "Turkey"]
[WhiteFideId "3504727"]
[BlackFideId "6312160"]
[EventDate "2021.09.08"]
[EventType "team"]

1. e4 e6 2. d4 d5 3. Nc3 Bb4 4. e5 Qd7 5. Qg4 f5 6. Qg3 b6 7. h4 Ba6 8. Bxa6
Nxa6 9. h5 Nh6 10. Ne2 O-O-O 11. a3 Bf8 12. Qd3 Kb7 13. b4 Nb8 14. Bg5 Re8 15.
b5 c5 16. a4 Nf7 17. Be3 c4 18. Qd1 g5 19. f3 f4 20. Bc1 Bb4 21. Bd2 Nh6 22. Qb1
Ba5 23. Nd1 Nf5 24. Bxa5 bxa5 25. Qc1 Rhg8 26. Qd2 Kb6 27. Nf2 Ne3 28. Ng4 Nxg2+
29. Kf2 Ne3 30. Nxe3 fxe3+ 31. Qxe3 Qf7 32. Rag1 Qf5 33. Qa3 Qf8 34. Qxf8 Rexf8
35. h6 Nd7 36. Rh5 g4 37. f4 g3+ 38. Rxg3 Rxg3 39. Kxg3 Kc7 40. Rg5 Nb6 41. Rg7+
Kb8 42. Nc3 Rh8 43. Kg4 Nc8 44. Kg5 Nb6 45. f5 exf5 46. e6 Rf8 47. Rxh7 f4 48.
Rf7 Re8 49. h7 f3 50. Rxf3 Nc8 51. Nxd5 Nd6 52. Nc3 Rh8 53. Kg6 Ne8 54. e7 1-0

[Event "Online Olym Top DivD 2021"]
[Site "chess.com INT"]
[Date "2021.09.08"]
[Round "3.2"]
[Board "2"]
[White "Ozen, Deniz"]
[Black "Fernandez De La Vara, Arnaldo"]
[Result "1/2-1/2"]
[WhiteTitle "IM"]
[BlackTitle "IM"]
[WhiteElo "2397"]
[BlackElo "2485"]
[WhiteTeam "Turkey"]
[BlackTeam "Cuba"]
[WhiteFideId "6349196"]
[BlackFideId "3518388"]
[EventDate "2021.09.08"]
[EventType "team"]

1. d4 d5 2. Nf3 Nf6 3. Bf4 Bf5 4. e3 e6 5. Bd3 Bd6 6. Bxf5 exf5 7. O-O O-O 8.
Nbd2 Re8 9. c3 Nc6 10. Qb3 Rb8 11. Bxd6 Qxd6 12. c4 Na5 13. Qc2 Ne4 14. cxd5
Qxd5 15. Rfc1 Nc6 16. Qc4 Rbd8 17. Qxd5 Rxd5 18. Nxe4 Rxe4 19. Nd2 Re7 20. g3 g5
21. Nb3 f4 22. Rc3 fxe3 23. fxe3 Rf5 24. a3 Nb8 25. Rf1 Rb5 26. a4 Rb4 27. Rf5
h6 28. Rb5 Nc6 29. Nc5 Rxb5 30. axb5 Nd8 31. Kf2 Kg7 32. g4 Kg6 33. h3 f5 34.
gxf5+ Kxf5 35. e4+ Kg6 36. e5 b6 37. Na6 Ne6 38. d5 Nf4 39. Rc6+ Kf5 40. d6 cxd6
41. exd6 Re2+ 42. Kf1 Rd2 43. Nb8 Ke4 44. d7 Kf3 45. Rc3+ Nd3 46. Kg1 Rd1+ 47.
Kh2 Rd2+ 48. Kg1 Rd1+ 49. Kh2 Rd2+ 50. Kg1 1/2-1/2

[Event "Online Olym Top DivD 2021"]
[Site "chess.com INT"]
[Date "2021.09.08"]
[Round "3.2"]
[Board "3"]
[White "Miranda Llanes, Yerisbel"]
[Black "Caglar, Sila"]
[Result "1/2-1/2"]
[WhiteTitle "WIM"]
[BlackTitle "WIM"]
[WhiteElo "2259"]
[BlackElo "2250"]
[WhiteTeam "Cuba"]
[BlackTeam "Turkey"]
[WhiteFideId "3507700"]
[BlackFideId "6364063"]
[EventDate "2021.09.08"]
[EventType "team"]

1. d4 Nf6 2. c4 e6 3. Nc3 d5 4. cxd5 exd5 5. Bg5 Be7 6. e3 O-O 7. Bd3 c6 8. Qc2
h6 9. Bh4 Na6 10. a3 c5 11. Nf3 c4 12. Bf5 Nc7 13. Ne5 Be6 14. O-O Qc8 15. Bxe6
Qxe6 16. h3 b5 17. f4 a5 18. f5 Qd6 19. Bg3 Qb6 20. Bh4 Qd6 21. Bg3 Qb6 22. Bh4
Qd6 1/2-1/2

[Event "Online Olym Top DivD 2021"]
[Site "chess.com INT"]
[Date "2021.09.08"]
[Round "3.2"]
[Board "4"]
[White "Kocyigit, Buse Naz"]
[Black "Linares Napoles, Oleiny"]
[Result "0-1"]
[WhiteTitle "WFM"]
[BlackTitle "WGM"]
[WhiteElo "2034"]
[BlackElo "2255"]
[WhiteTeam "Turkey"]
[BlackTeam "Cuba"]
[WhiteFideId "6380840"]
[BlackFideId "3504794"]
[EventDate "2021.09.08"]
[EventType "team"]

1. Nf3 d5 2. d4 Nf6 3. c4 dxc4 4. Nc3 a6 5. a4 Nc6 6. e4 Na5 7. Be3 Bg4 8. h3
Bxf3 9. Qxf3 e6 10. g4 Bb4 11. Bg2 O-O 12. O-O Nb3 13. Rad1 Bxc3 14. bxc3 Qe8
15. h4 Qxa4 16. h5 Nd7 17. Qg3 Qa5 18. e5 c6 19. f4 Qxc3 20. f5 Qc2 21. f6 gxf6
22. exf6 Kh8 23. Qf4 Rg8 24. Be4 Qc3 25. Bxh7 Rxg4+ 26. Qxg4 Qxe3+ 27. Kh1 Qh6
28. Bc2 Rg8 29. Qf3 Nd2 30. Qe2 Nxf1 31. Rxf1 Rg5 32. Rf2 Rxh5+ 33. Kg2 Qg5+ 34.
Kf3 Rh3+ 35. Ke4 Nxf6+ 36. Rxf6 Qxf6 0-1

[Event "Online Olym Top DivD 2021"]
[Site "chess.com INT"]
[Date "2021.09.08"]
[Round "3.2"]
[Board "5"]
[White "Alvarez Calzadilla, Jose Avelino"]
[Black "Celik, Hasan Huseyin"]
[Result "1-0"]
[WhiteTitle "FM"]
[BlackTitle "FM"]
[WhiteElo "2287"]
[BlackElo "2370"]
[WhiteTeam "Cuba"]
[BlackTeam "Turkey"]
[WhiteFideId "3526151"]
[BlackFideId "44506759"]
[EventDate "2021.09.08"]
[EventType "team"]

1. e4 e6 2. d4 d5 3. Nd2 c5 4. Ngf3 cxd4 5. Nxd4 Nc6 6. Bb5 Bd7 7. Nxc6 bxc6 8.
Bd3 Bd6 9. Qe2 e5 10. Nf3 Nf6 11. O-O O-O 12. c4 dxe4 13. Bxe4 Nxe4 14. Qxe4 f5
15. Qd3 Be6 16. Ng5 e4 17. Qh3 Rf6 18. Qxh7+ Kf8 19. Qh8+ Bg8 20. Nh7+ Kf7 21.
Nxf6 Qxf6 22. Qh3 Kf8 23. Rd1 Rd8 24. Bd2 Bxc4 25. Ba5 Rd7 26. Bc3 Qg6 27. Bb4
Bd5 28. Qh8+ Kf7 29. Bxd6 Qxd6 30. Qh5+ g6 31. Qh7+ Kf6 32. Qh8+ Kf7 33. Re1 Qf6
34. Qxf6+ Kxf6 35. b3 Ke5 36. Rac1 f4 37. Rc3 g5 38. Rh3 a5 39. Rh5 Kf5 40. h4
Kg4 41. Rxg5+ Kxh4 42. Re5 Kg4 43. Rc1 Ra7 44. Rc3 f3 45. gxf3+ exf3 46. Rd3 Kf4
47. Rh5 Rg7+ 48. Kf1 Re7 49. Rd4+ Be4 50. Rxa5 Rh7 51. Ke1 Rh1+ 52. Kd2 Rf1 53.
Rxe4+ Kxe4 54. Ra4+ Ke5 55. Ke3 Rc1 56. Kxf3 Rc3+ 57. Kg2 Rc2 58. Kg3 c5 59. Rc4
Rxa2 60. Rxc5+ Ke6 61. f4 Ra8 62. Re5+ Kf6 63. b4 Ra3+ 64. Kg4 Rb3 65. b5 Rb1
66. Rc5 Ke6 67. f5+ Kd6 68. Rc6+ Kd5 69. Rb6 Kc5 70. Rb8 Kd6 71. Kg5 Kc7 72. Re8
Kd7 73. Re5 Kd6 74. Kf6 Rb2 75. Re6+ Kd5 76. b6 Rb1 77. Ke7 Rf1 78. f6 1-0

[Event "Online Olym Top DivD 2021"]
[Site "chess.com INT"]
[Date "2021.09.08"]
[Round "3.2"]
[Board "6"]
[White "Can, Isil"]
[Black "Hernandez Gil, Ineymig"]
[Result "0-1"]
[WhiteTitle "WCM"]
[BlackTitle "WFM"]
[WhiteElo "1945"]
[BlackElo "2348"]
[WhiteTeam "Turkey"]
[BlackTeam "Cuba"]
[WhiteFideId "34505733"]
[BlackFideId "3526216"]
[EventDate "2021.09.08"]
[EventType "team"]

1. e4 c6 2. d4 d5 3. exd5 cxd5 4. c3 Nc6 5. Bf4 Nf6 6. Bd3 Bg4 7. Nf3 e6 8. Qb3
Qb6 9. Qxb6 axb6 10. Bc7 Bxf3 11. gxf3 Nd7 12. Nd2 g6 13. O-O Bh6 14. f4 Ke7 15.
c4 Nb4 0-1

[Event "Online Olym Top DivD 2021"]
[Site "chess.com INT"]
[Date "2021.09.08"]
[Round "3.3"]
[Board "1"]
[White "Duda, Jan-Krzysztof"]
[Black "Howell, David W L"]
[Result "1-0"]
[WhiteTitle "GM"]
[BlackTitle "GM"]
[WhiteElo "2756"]
[BlackElo "2658"]
[WhiteTeam "Poland"]
[BlackTeam "England"]
[WhiteFideId "1170546"]
[BlackFideId "410608"]
[EventDate "2021.09.08"]
[EventType "team"]

1. d4 Nf6 2. c4 g6 3. h4 c6 4. Bf4 Qb6 5. Qd2 Ne4 6. Qc2 d5 7. e3 Bf5 8. Qb3
dxc4 9. Bxc4 Nd6 10. Nd2 Nxc4 11. Nxc4 Qa6 12. Ne5 Be6 13. Qc3 Bg7 14. h5 Nd7
15. Nxd7 Bxd7 16. h6 Bf6 17. e4 O-O 18. Nf3 Rad8 19. e5 Bh8 20. Nd2 Bf5 21. Nb3
b6 22. f3 f6 23. Kf2 fxe5 24. dxe5 c5 25. Rhd1 Rd3 26. Rxd3 Qxd3 27. Qxd3 Bxd3
28. Ke3 Bf5 29. g4 Be6 30. Nd2 Rd8 31. Ne4 Rd5 32. Nc3 Rd4 33. b3 Kf7 34. Ne4
Bd5 35. Ng5+ Kg8 36. Bg3 a5 37. Rb1 Bb7 38. Rb2 Rd5 39. Rd2 Rxd2 40. Kxd2 Bd5
41. Kc3 b5 42. f4 b4+ 43. Kd3 a4 44. bxa4 Bxa2 45. a5 Bd5 46. a6 Kf8 47. Bf2 c4+
48. Kd4 Ba8 49. Kxc4 Ke8 50. Nxh7 Kd7 51. Nf8+ 1-0

[Event "Online Olym Top DivD 2021"]
[Site "chess.com INT"]
[Date "2021.09.08"]
[Round "3.3"]
[Board "2"]
[White "Jones, Gawain C B"]
[Black "Moranda, Wojciech"]
[Result "1-0"]
[WhiteTitle "GM"]
[BlackTitle "GM"]
[WhiteElo "2684"]
[BlackElo "2622"]
[WhiteTeam "England"]
[BlackTeam "Poland"]
[WhiteFideId "409561"]
[BlackFideId "1122401"]
[EventDate "2021.09.08"]
[EventType "team"]

1. e4 c5 2. Nf3 d6 3. Bb5+ Bd7 4. Bxd7+ Qxd7 5. O-O Nf6 6. Re1 Nc6 7. c3 e6 8.
d4 cxd4 9. cxd4 d5 10. e5 Ne4 11. Nbd2 Nxd2 12. Bxd2 Be7 13. Rc1 O-O 14. Rc3
Rac8 15. a3 b5 16. h4 b4 17. Rd3 bxa3 18. bxa3 Qb7 19. Nh2 Kh8 20. Qg4 Qb2 21.
Nf3 Qc2 22. Rde3 Rb8 23. Rc3 Qa4 24. Rec1 Rb6 25. Bg5 Bxa3 26. Ra1 Rb3 27. Bf6
gxf6 28. exf6 Rg8 29. Ng5 h6 30. Qh5 1-0

[Event "Online Olym Top DivD 2021"]
[Site "chess.com INT"]
[Date "2021.09.08"]
[Round "3.3"]
[Board "3"]
[White "Zawadzka, Jolanta"]
[Black "Head, Louise"]
[Result "1-0"]
[WhiteTitle "WGM"]
[BlackTitle "WFM"]
[WhiteElo "2407"]
[BlackElo "2090"]
[WhiteTeam "Poland"]
[BlackTeam "England"]
[WhiteFideId "1122320"]
[BlackFideId "424773"]
[EventDate "2021.09.08"]
[EventType "team"]

1. e4 c6 2. d4 d5 3. Nd2 dxe4 4. Nxe4 Nd7 5. c3 Ngf6 6. Nxf6+ Nxf6 7. Bc4 g6 8.
Nf3 Bg7 9. O-O O-O 10. h3 b5 11. Bb3 Bb7 12. Qe2 e6 13. Ne5 Nd5 14. a4 a6 15.
Bd2 Qe7 16. Nd3 Rad8 17. Rfe1 Rfe8 18. Qg4 Bc8 19. Qg3 f6 20. h4 Qd6 21. Qxd6
Rxd6 22. Nc5 Kh8 23. g3 e5 24. dxe5 fxe5 25. Ne4 Rdd8 26. Bg5 Rd7 27. Rad1 h6
28. Bc1 Red8 29. Nc5 Rd6 30. Ne4 Re6 31. axb5 axb5 32. Nc5 Ree8 33. Bc2 Bf5 34.
Be4 Bxe4 35. Nxe4 Kg8 36. Kg2 Nb6 37. b3 Nd5 38. Ba3 Nf6 39. Rxd8 Rxd8 40. Be7
Nxe4 41. Bxd8 Nxc3 42. Rc1 e4 43. Ba5 Ne2 44. Rxc6 Nd4 45. Rxg6 Kf7 46. Rxg7+ 1-0

[Event "Online Olym Top DivD 2021"]
[Site "chess.com INT"]
[Date "2021.09.08"]
[Round "3.3"]
[Board "4"]
[White "Kueh, Audrey"]
[Black "Cyfka, Karina"]
[Result "0-1"]
[BlackTitle "IM"]
[WhiteElo "2080"]
[BlackElo "2405"]
[WhiteTeam "England"]
[BlackTeam "Poland"]
[WhiteFideId "421596"]
[BlackFideId "1122681"]
[EventDate "2021.09.08"]
[EventType "team"]

1. e4 e5 2. Nf3 Nf6 3. Nxe5 d6 4. Nf3 Nxe4 5. d4 d5 6. Bd3 Bd6 7. O-O O-O 8. c4
c6 9. Nc3 Nxc3 10. bxc3 dxc4 11. Bxc4 Bf5 12. Bd3 Bg4 13. Bc2 Nd7 14. Qd3 g6 15.
Bg5 Qa5 16. Bh6 Rfe8 17. Ng5 Nf6 18. Bb3 Re7 19. Rae1 Nd5 20. Rxe7 Bxe7 21. Re1
Bf8 22. Bxf8 Rxf8 23. Bxd5 cxd5 24. Qg3 Bf5 25. h3 h6 26. Nf3 Qxc3 27. Qf4 Be4
28. Rc1 Qb2 29. Ne5 Qxd4 30. Kh2 Qb2 31. Ng4 h5 32. Nf6+ Kg7 33. Rc7 Qxf6 34.
Qg3 h4 0-1

[Event "Online Olym Top DivD 2021"]
[Site "chess.com INT"]
[Date "2021.09.08"]
[Round "3.3"]
[Board "5"]
[White "Teclaf, Pawel"]
[Black "Royal, Shreyas"]
[Result "1/2-1/2"]
[WhiteTitle "IM"]
[BlackTitle "CM"]
[WhiteElo "2543"]
[BlackElo "2280"]
[WhiteTeam "Poland"]
[BlackTeam "England"]
[WhiteFideId "1185934"]
[BlackFideId "448869"]
[EventDate "2021.09.08"]
[EventType "team"]

1. Nf3 Nf6 2. b3 e6 3. Bb2 Be7 4. g3 O-O 5. Bg2 d5 6. c4 b6 7. O-O Bb7 8. cxd5
Nxd5 9. Nc3 Nd7 10. Rc1 Bf6 11. Qc2 Nxc3 12. Bxc3 c5 13. Ng5 Bxg5 14. Bxb7 Rb8
15. Be4 h6 16. b4 Bf6 17. Bxf6 Nxf6 18. bxc5 Nxe4 19. Qxe4 bxc5 20. Rc2 Qa5 21.
Qe5 Rb5 22. Qe3 Rd8 23. Rfc1 c4 24. Rxc4 Qxd2 25. Rc8 Rd5 26. Qxd2 Rxd2 27. e3
Rd1+ 28. Kg2 a5 29. R1c5 a4 30. Rxd8+ Rxd8 31. Ra5 g6 32. Rxa4 Rd2 33. g4 g5 34.
Ra7 Kg7 35. Kg3 Kg6 36. a4 Ra2 37. a5 f5 38. Ra6 Kf6 39. h3 Ke5 40. f4+ Kf6 41.
Ra8 Ra3 42. fxg5+ hxg5 43. gxf5 exf5 44. Kf2 f4 45. e4 Rxh3 46. a6 Ra3 47. a7
Kg7 48. e5 g4 49. e6 g3+ 50. Kg2 Ra2+ 1/2-1/2

[Event "Online Olym Top DivD 2021"]
[Site "chess.com INT"]
[Date "2021.09.08"]
[Round "3.3"]
[Board "6"]
[White "Jaufarally, Nadia"]
[Black "Sliwicka, Alicja"]
[Result "0-1"]
[BlackTitle "WIM"]
[WhiteElo "1905"]
[BlackElo "2304"]
[WhiteTeam "England"]
[BlackTeam "Poland"]
[WhiteFideId "443727"]
[BlackFideId "1150677"]
[EventDate "2021.09.08"]
[EventType "team"]

1. e4 c5 2. Nf3 d6 3. d4 cxd4 4. Nxd4 Nf6 5. Nc3 Bd7 6. Bg5 e6 7. Ndb5 Bc6 8.
Bxf6 gxf6 9. Qh5 a6 10. Nd4 Qb6 11. O-O-O Qc5 12. Qh3 Bd7 13. f4 Nc6 14. Nb3 Qf2
15. g3 h5 16. Rd2 Qe1+ 17. Rd1 Qe3+ 18. Rd2 O-O-O 19. Bd3 h4 20. Nd1 Qb6 21. Qg2
Kb8 22. Kb1 Be7 23. Nc3 Rdg8 24. Rhd1 Na7 25. Be2 Rc8 26. Bg4 Rc7 27. Ka1 hxg3
28. hxg3 Rhc8 29. Bf3 Rxc3 30. bxc3 Nb5 31. Rd3 Nxc3 32. Rc1 f5 33. Qg1 Qxg1 34.
Rxg1 fxe4 35. Rxc3 Rxc3 36. Bxe4 d5 37. Bd3 Bf6 38. Kb1 Rc8 39. g4 Bc3 40. Rh1
Rh8 41. Rg1 a5 42. Nc5 Bc6 43. g5 Bd4 0-1

[Event "Online Olym Top DivD 2021"]
[Site "chess.com INT"]
[Date "2021.09.08"]
[Round "3.4"]
[Board "1"]
[White "Xiong, Jeffery"]
[Black "Bok, Benjamin"]
[Result "0-1"]
[WhiteTitle "GM"]
[BlackTitle "GM"]
[WhiteElo "2700"]
[BlackElo "2619"]
[WhiteTeam "United States of America"]
[BlackTeam "Netherlands"]
[WhiteFideId "2047640"]
[BlackFideId "1017063"]
[EventDate "2021.09.08"]
[EventType "team"]

1. e4 e5 2. Nf3 Nc6 3. Nc3 Nf6 4. d4 exd4 5. Nxd4 Bb4 6. Nxc6 bxc6 7. Bd3 O-O 8.
O-O d5 9. exd5 cxd5 10. h3 c6 11. Qf3 Re8 12. Bf4 Nd7 13. Rfe1 Nc5 14. a3 Bxc3
15. bxc3 Nxd3 16. cxd3 Bf5 17. Rxe8+ Qxe8 18. Rb1 Qe7 19. Bb8 Bg6 20. a4 h6 21.
Qg3 a5 22. Rb6 Kh7 23. d4 Qe2 24. Kh2 Qc2 25. Qc7 Qxc3 26. Qb7 Qxd4 27. Rb3 Rxb8
28. Qxb8 Qxa4 29. Re3 Qb4 30. Qc7 d4 31. Re8 d3 32. Qd8 Qf4+ 33. Kg1 Qc1+ 34.
Kh2 Qf4+ 35. Kg1 Bf5 36. g4 Be4 37. Qd4 Qc1+ 38. Kh2 Qh1+ 39. Kg3 Qf3+ 0-1

[Event "Online Olym Top DivD 2021"]
[Site "chess.com INT"]
[Date "2021.09.08"]
[Round "3.4"]
[Board "2"]
[White "Van den Doel, Erik"]
[Black "Robson, Ray"]
[Result "0-1"]
[WhiteTitle "GM"]
[BlackTitle "GM"]
[WhiteElo "2599"]
[BlackElo "2673"]
[WhiteTeam "Netherlands"]
[BlackTeam "United States of America"]
[WhiteFideId "1003720"]
[BlackFideId "2023970"]
[EventDate "2021.09.08"]
[EventType "team"]

1. d4 Nf6 2. Nf3 d5 3. Bf4 c5 4. e3 Nc6 5. Nbd2 Qb6 6. dxc5 Qxb2 7. Rb1 Qc3 8.
Bb5 g6 9. O-O Bg7 10. Nb3 O-O 11. Qd3 Ne4 12. Qxd5 Bf5 13. Nbd4 Rfd8 14. Qc4
Nxd4 15. exd4 Bxd4 16. Nxd4 Rxd4 17. Qxc3 Nxc3 18. Be3 Rdd8 19. Rb3 Nxb5 20.
Rxb5 Rd7 21. Rfb1 Be4 22. R5b4 Bc6 23. Rd4 Rxd4 24. Bxd4 Rd8 25. c3 f6 26. f4
Kf7 27. Kf2 Rd5 28. Rb2 g5 29. fxg5 Rxg5 30. g3 Rh5 31. Ke1 Rg5 32. Be3 Re5 33.
Kd2 a5 34. Ke2 Re4 35. Rd2 Bb5+ 36. Kf2 Ra4 37. Rb2 Bc6 38. Ke2 Bd5 39. Kd3 Bc4+
40. Kc2 Rxa2 41. Rxa2 Bxa2 42. Kd3 Bd5 43. c4 Bc6 44. Bd2 a4 45. Bc1 Kg6 46. Ke3
Kf5 47. Bb2 Kg4 48. Kf2 Kh3 49. Kg1 h5 50. Bc3 a3 51. Bb4 a2 52. Bc3 Bd7 53. Bb2
Be6 54. Bc3 Bxc4 55. Bb2 Bd5 56. Bc3 Bc6 57. Bb2 Be8 58. Bc3 Bf7 59. Bb2 h4 60.
Kf2 Kxh2 61. gxh4 Kh3 0-1

[Event "Online Olym Top DivD 2021"]
[Site "chess.com INT"]
[Date "2021.09.08"]
[Round "3.4"]
[Board "4"]
[White "Lanchava, Tea"]
[Black "Zatonskih, Anna"]
[Result "0-1"]
[WhiteTitle "IM"]
[BlackTitle "IM"]
[WhiteElo "2214"]
[BlackElo "2423"]
[WhiteTeam "Netherlands"]
[BlackTeam "United States of America"]
[WhiteFideId "1005308"]
[BlackFideId "14101572"]
[EventDate "2021.09.08"]
[EventType "team"]

1. c4 e5 2. Nc3 d6 3. g3 g6 4. Bg2 Bg7 5. d3 f5 6. Nf3 Nf6 7. O-O O-O 8. e4 Nc6
9. Rb1 a5 10. exf5 Bxf5 11. Nh4 Be6 12. Nb5 d5 13. b3 Qd7 14. f4 Rad8 15. Ba3
Rf7 16. fxe5 Nxe5 17. Nf3 Nxf3+ 18. Bxf3 Bh3 19. Re1 Bg4 20. Bxg4 Nxg4 21. Bb2
Bxb2 22. Rxb2 dxc4 23. bxc4 Qf5 24. d4 c6 25. Nc3 Nf2 26. Qe2 Rxd4 27. Qxf2 Qc5
28. Qe3 Qxc4 29. Ne2 Re4 30. Qb6 Qe6 31. Qd8+ Kg7 32. Qd3 Qf6 33. Qxe4 Qf2+ 34.
Kh1 Qxe1+ 35. Kg2 Qf1# 0-1

[Event "Online Olym Top DivD 2021"]
[Site "chess.com INT"]
[Date "2021.09.08"]
[Round "3.4"]
[Board "5"]
[White "Liang, Awonder"]
[Black "Kevlishvili, Robby"]
[Result "1-0"]
[WhiteTitle "GM"]
[BlackTitle "GM"]
[WhiteElo "2590"]
[BlackElo "2506"]
[WhiteTeam "United States of America"]
[BlackTeam "Netherlands"]
[WhiteFideId "2056437"]
[BlackFideId "1040634"]
[EventDate "2021.09.08"]
[EventType "team"]

1. Nf3 d5 2. c4 c6 3. e3 Nf6 4. b3 e6 5. Bb2 Bd6 6. Qc2 O-O 7. g4 Nxg4 8. Rg1 f5
9. h3 Nf6 10. Nc3 Nbd7 11. O-O-O Qe7 12. Kb1 Ne5 13. Nd4 Bd7 14. f4 Ng6 15. Be2
a6 16. Na4 c5 17. Nf3 Bxa4 18. bxa4 b5 19. cxd5 exd5 20. Qxf5 bxa4 21. Ka1 Rab8
22. Ng5 a3 23. Bc3 d4 24. Bc4+ Kh8 25. exd4 cxd4 26. Bxd4 Bxf4 27. Ne6 Qb4 28.
Bb3 Bxd2 29. Qd3 Bh6 30. Bc3 Qb6 31. Nxf8 Rxf8 32. Rge1 Nf4 33. Qd6 Qxd6 34.
Rxd6 Bg5 35. Rxa6 h6 36. Rxa3 Nxh3 37. Ra5 Nf2 38. Rb5 N6e4 39. Bd4 Rd8 40. Bb2
Nd2 41. Rb7 Nxb3+ 42. axb3 Nd3 43. Bxg7+ Kg8 44. Rd1 Ra8+ 45. Kb1 Nc5 46. Rb5
Nxb3 47. Bc3 Nc1 48. Rb7 Ne2 49. Bb2 Nf4 50. Rg7+ Kf8 51. Rh7 Ra6 52. Rdd7 Ng6
53. Rb7 Bf4 54. Rhf7+ Ke8 55. Rg7 Re6 56. Rg8+ Nf8 57. Bg7 Re1+ 58. Kc2 Bd6 59.
Bxf8 1-0

[Event "Online Olym Top DivD 2021"]
[Site "chess.com INT"]
[Date "2021.09.08"]
[Round "3.4"]
[Board "6"]
[White "Van Foreest, Machteld"]
[Black "Cervantes Landeiro, Thalia"]
[Result "1/2-1/2"]
[BlackTitle "FM"]
[WhiteElo "2132"]
[BlackElo "2175"]
[WhiteTeam "Netherlands"]
[BlackTeam "United States of America"]
[WhiteFideId "1051563"]
[BlackFideId "3520498"]
[EventDate "2021.09.08"]
[EventType "team"]

1. e4 e5 2. Nf3 Nc6 3. Bc4 Bc5 4. c3 Nf6 5. d3 d6 6. Bb3 h6 7. h3 a5 8. Nbd2 Bd7
9. Nf1 Qb8 10. Ng3 Qa7 11. O-O a4 12. Bc2 O-O 13. Nh4 Ne7 14. Qf3 Nh7 15. Ngf5
Nxf5 16. Nxf5 Bxf5 17. Qxf5 Qb8 18. Rd1 Qc8 19. Qf3 Bb6 20. d4 Kh8 21. Be3 Qe8
22. Bd3 Qe7 23. dxe5 Bxe3 24. exd6 Bxf2+ 25. Qxf2 Qxd6 26. Qf5 Qf6 27. Qxh7+
Kxh7 28. e5+ Qg6 29. Bxg6+ Kxg6 30. Rd7 Rac8 31. Rf1 b5 32. g4 c5 33. Kg2 f6 34.
e6 Rfe8 35. Re1 Rc6 36. e7 Kf7 37. Rb7 b4 38. cxb4 cxb4 39. Kg3 a3 40. Rxb4 axb2
41. Rxb2 Rc3+ 42. Kg2 Rxe7 43. Rxe7+ Kxe7 44. Rb7+ Kf8 45. a4 Ra3 46. Ra7 Kg8
47. a5 Kh7 48. a6 Kg6 49. h4 h5 1/2-1/2

[Event "Online Olym Top DivD 2021"]
[Site "chess.com INT"]
[Date "2021.09.08"]
[Round "3.5"]
[Board "1"]
[White "Noritsyn, Nikolay"]
[Black "Fier, Alexandr"]
[Result "1-0"]
[WhiteTitle "IM"]
[BlackTitle "GM"]
[WhiteElo "2512"]
[BlackElo "2564"]
[WhiteTeam "Canada"]
[BlackTeam "Brazil"]
[WhiteFideId "2604922"]
[BlackFideId "2107139"]
[EventDate "2021.09.08"]
[EventType "team"]

1. e4 c5 2. Nf3 g6 3. c3 d5 4. e5 Nc6 5. d4 cxd4 6. cxd4 Bg4 7. Bb5 Bxf3 8. Qxf3
e6 9. O-O Nh6 10. g4 Ng8 11. Bf4 h5 12. h3 hxg4 13. hxg4 Qh4 14. Bg3 Qh3 15. Rc1
Ne7 16. Nd2 a6 17. Bf1 Qh7 18. Nb3 Bh6 19. Rd1 Bg5 20. Bg2 Qh6 21. Rd3 b6 22. a3
Kd7 23. Re1 Rac8 24. Na1 Na5 25. Qe2 Bf4 26. Rf3 Bxg3 27. fxg3 Rc4 28. b4 Nac6
29. Nb3 Rh7 30. Qf2 Nd8 31. Rf4 Nec6 32. Qd2 Qf8 33. Ref1 a5 34. bxa5 Qxa3 35.
R4f3 Qb4 36. Qxb4 Rxb4 37. axb6 Rxb6 38. Nc5+ Ke7 39. Ra3 Nxd4 40. Ra7+ Ke8 41.
Nd7 N4c6 42. Rc7 Nxe5 43. Nxb6 Nxg4 44. Nc8 Kf8 45. Nd6 Ne5 46. Ra1 Ndc6 47. Ra6
Nd4 48. Ra8+ Kg7 49. Ne8+ Kh6 50. Nf6 Rg7 51. Rh8+ Kg5 52. Ne8 Nf5 53. Nxg7 Nxg7
54. Ra8 Nf5 55. Raa7 Kf6 56. Ra1 Nxg3 57. Kh2 Nf5 58. Rca7 Ng4+ 59. Kg1 Nge3 60.
Bf3 g5 61. Bh5 Nh6 62. Re1 Nef5 63. Kf2 d4 64. Rd7 e5 65. Ra1 e4 66. Ra6+ Ke5
67. Bxf7 Ng4+ 68. Ke1 Nh4 69. Bh5 Ne3 70. Ra5+ Kf4 71. Rf7+ Kg3 72. Rxg5+ Kh3
73. Ke2 Neg2 74. Bg4+ Kh2 75. Bh5 d3+ 76. Kd2 Kg1 77. Rf4 e3+ 78. Kxd3 Kh2 79.
Rxh4+ Nxh4 80. Kxe3 Ng2+ 81. Kf2 Nf4 82. Rf5 Nh3+ 83. Ke3 Kg3 84. Be2 Kh4 85.
Rh5+ Kg3 86. Rh8 Ng5 87. Rg8 Kh4 88. Bf3 Nh3 89. Rg4+ Kh5 90. Ra4+ Kg5 91. Ra5+
Kh4 92. Ra8 Kg3 93. Rg8+ Kh4 94. Be4 Ng5 95. Bf5 Nf7 96. Kf4 Nh6 97. Rh8 Kh5 98.
Rh7 1-0

[Event "Online Olym Top DivD 2021"]
[Site "chess.com INT"]
[Date "2021.09.08"]
[Round "3.5"]
[Board "3"]
[White "Ouellet, Maili-Jade"]
[Black "Terao, Juliana Sayumi"]
[Result "1-0"]
[WhiteTitle "WGM"]
[BlackTitle "FM"]
[WhiteElo "2254"]
[BlackElo "2252"]
[WhiteTeam "Canada"]
[BlackTeam "Brazil"]
[WhiteFideId "2620472"]
[BlackFideId "2109220"]
[EventDate "2021.09.08"]
[EventType "team"]

1. d4 d5 2. c4 e6 3. Nf3 Nf6 4. Nc3 a6 5. cxd5 exd5 6. Bg5 Be7 7. e3 c6 8. Qc2
Nh5 9. Bxe7 Qxe7 10. Nxd5 Qd6 11. Nc3 O-O 12. Bd3 g6 13. O-O Nd7 14. Rab1 a5 15.
a3 Nb6 16. Rfe1 Bg4 17. Ne5 Be6 18. Ne4 Qe7 19. Nc5 Bc8 20. b4 axb4 21. axb4 f6
22. Nf3 Ng7 23. b5 Nd5 24. e4 Nf4 25. Bc4+ Kh8 26. bxc6 bxc6 27. Rb6 Qc7 28.
Reb1 Bg4 29. Ne1 Qd6 30. Qc3 Be2 31. Nc2 Rfe8 32. g3 Nh3+ 33. Kg2 Bxc4 34. Qxc4
Ng5 35. f3 h5 36. h4 N5e6 37. Nb7 Qd7 38. Qxc6 Qxc6 39. Rxc6 Reb8 40. Rb2 Nd8
41. Rcb6 Nxb7 42. Rxb7 Rxb7 43. Rxb7 Ra2 44. Rb8+ Kh7 45. Rc8 Ne6 46. Kf1 Kg7
47. d5 Nf8 48. Ke2 Kf7 49. Kd3 Nd7 50. f4 Rb2 51. Kc3 Rb1 52. Kd2 Rg1 53. Rc3
Ke7 54. Nd4 Rg2+ 55. Ne2 Kd6 56. Rc6+ Ke7 57. e5 fxe5 58. fxe5 Nf8 59. Rc7+ Kd8
60. Rf7 Ke8 61. e6 Rh2 62. d6 1-0